Word Ladder: Shakespeare Quiz Stats

 Plays Quiz Updated Jun 14, 2012

Support Sporcle.
Go Orange.
Score 0/11 Timer 01:00
0 Plays Today
Clue Answer % Correct
The ______ of the ShrewTAMING
82.4%
Skill for a secretaryTYPING
81.6%
The ______ of ErrorsCOMEDY
81.2%
Expectantly wishingHOPING
74.1%
Recording, pre-digitallyTAPING
73.7%
Type of beacon, device, or pigeonHOMING
68.5%
Promoting, exaggeratedlyHYPING
67.6%
Old-fashioned word meaning attractiveCOMELY
64.8%
Euphemistic word meaning unattractiveHOMELY
59.8%
Platitude or short sermon, Polonius offered severalHOMILY
50.8%
Grits ingredientHOMINY
50.5%

Today's Daily Dose

Missing Word
'80s Musicals

Word Ladder
Hereditary

Get the Picture
Food Names

From the Vault

Crossword Blackout! IV

by hockeystix3

For an added challenge, do this crossword puzzle in the dark.
Remove Ads.
Support Sporcle.
Get the best of Sporcle when you Go Orange. This ad-free experience offers more features, more stats, and more fun while also helping to support Sporcle. Thank you for becoming a member.

Show Comments

Extras

Top Quizzes Today


Score Distribution

Your Account Isn't Verified!

In order to create a playlist on Sporcle, you need to verify the email address you used during registration. Go to your Sporcle Settings to finish the process.

Report this User

Report this user for behavior that violates our Community Guidelines.

Details: